| 000 | 00396cam a2200157ua 4500 | ||
|---|---|---|---|
| 020 | _c21sh | ||
| 041 |
_aeng _h |
||
| 082 |
_a824 _bHUX/AD |
||
| 100 | _aHuxley, Aldos . | ||
| 245 |
_aAdonis and the Alphabet: and ather Essays / _cHuxley. _hTextual Documents |
||
| 260 |
_aLondon : _bChatto & Windows , _c1956. |
||
| 300 | _a285 ; . | ||
| 365 | _a21sh | ||
| 504 | _a | ||
| 999 |
_c11369 _d11369 |
||